Statistiques concernant Les 3 plus.....

Cliquez ici pour prendre le quiz!

Statistiques générales

  • Ce quiz a été pris 245 fois
  • Le résultat moyen est 28 sur 36

Statistiques - réponses

Réponse% Correct
Chine
96%
Vatican
96%
Australie
94%
Canada
94%
France
94%
Brésil
93%
Etats-Unis
93%
Mexique
93%
Monaco
93%
Inde
92%
Algérie
91%
Argentine
91%
Nouvelle-Zélande
91%
Saint-Marin
87%
Espagne
85%
Pérou
85%
Ukraine
84%
RD Congo
80%
Suriname
80%
Guyana
78%
Uruguay
76%
Soudan
75%
Kazakhstan
70%
Papouasie-Nouvelle-Guinée
69%
Nauru
68%
Seychelles
68%
Singapour
66%
Sao Tomé-et-Principe
65%
Tuvalu
64%
Saint-Vincent-et-les Grenadines
63%
Saint-Christophe-et-Niévès
62%
Iles Marshall
60%
Maurice
57%
Bahreïn
56%
Grenade
56%
Maldives
53%

Distribution des résultats

Percentile par nombre de réponses

% des personnes avec chaque résultat

Votre développement - résultats

Vous n’avez pas pris ce quiz